LEADER 01886nam a2200313 u 4500 001 000000104970 003 CaOOAMICUS 005 20070511133252.0 008 070511m19851990it u000 u ita u 040 $aPUL$bita$dLDB 100 1 $aPirandello, Luigi,$d1867-1936.$0(OLS)http://pul/name/64108 245 10$aNovelle per un anno /$cLuigi Pirandello; a cura di Mario Costanzo; premessa di Giovanni Macchia. 260 $aMilano :$bMondadori,$c1985-1990. 300 $a3 voll. in 6 tomi ;$c17 cm 490 1 $aI Meridiani collezione ;$v72-77 500 $aInclude indici. 700 1 $aMacchia, Giovanni.$0(OLS)http://pul/name/64517 700 1 $aCostanzo, Mario.$0(OLS)http://pul/name/64516 830 2$aI Meridiani collezione ;$v72-77.$0(OLS)http://pul/title/132027 850 $aPUL 852 $aPUL$W1$xSL Cons. Gen., Altre Classi 3$y75$m850 COLL 2.72$j117566$qDDC 21$B117509$CPULBib$Z2$F117509 $H103198 $82 852 $aPUL$W1$xSL Cons. Gen., Altre Classi 3$y75$m850 COLL 2.73$j117567$qDDC 21$B117510$CPULBib$Z2$F117510 $H103199 $82 852 $aPUL$W1$xSL Cons. Gen., Altre Classi 3$y75$m850 COLL 2.74$j117568$qDDC 21$B117511$CPULBib$Z2$F117511 $H103277 $82 852 $aPUL$W1$xSL Cons. Gen., Altre Classi 3$y75$m850 COLL 2.75$j117569$qDDC 21$B117512$CPULBib$Z2$F117512 $H103278 $82 852 $aPUL$W1$xSL Cons. Gen., Altre Classi 3$y75$m850 COLL 2.76$j117570$qDDC 21$B117513$CPULBib$Z2$F117513 $H103416 $82 852 $aPUL$W1$xSL Cons. Gen., Altre Classi 3$y75$m850 COLL 2.77$j117571$qDDC 21$B117514$CPULBib$Z2$F117514 $H103417 $82 941 1 $a9 996 $6245$aNovelle per un anno$9(OLS)http://pul/title/132030 996 $6260$aMilano :$bMondadori$9(OLS)http://pul/publisher/50297 LEADER 01506nam a2200313 a 4500 001 000000122590 003 CaOOAMICUS 005 20100723145417.0 008 100723t2007 it d u000 u ita r 020 $a978-88-15-12082-3 040 $aPUL$bita$dReb 082 04$a338 245 02$aL'Europa allargata, l'est, l'Italia :$ble politiche, l'economia, le imprese /$ca cura di Marco Fortis e Alberto Quadrio Curzio. 260 $aBologna :$bIl Mulino,$c©2007. 300 $a330 p. :$bgraf. ;$c22 cm 490 1 $aCollana della Fondazione Edison ;$v11 504 $aInclude riferimenti bibliografici ed indice. 610 14$aUnione europea$xPolitica economica.$0(OLS)http://pul/subject/28013 650 4$aEconomia politica$xComunità europee.$0(OLS)http://pul/subject/20924 700 1 $aFortis, Marco.$0(OLS)http://pul/name/58597 700 1 $aQuadrio Curzio, Alberto,$d1937-$0(OLS)http://pul/name/31031 830 0$aCollana della Fondazione Edison ;$v11.$0(OLS)http://pul/title/117010 850 $aPUL 852 $aPUL$W1$xSL Diritto e Scienze Sociali 3$y79$m338 COLL 2.11$j140804$qDDC 21$B139888$CPULBib$Z2$F139888 $H114703 $82 941 1 $a9 996 $6020$a978-88-15-12082-3$9(OLS)http://pul/number/145000 996 $6082$a338$9(OLS)http://pul/classification/647 996 $6245$aL'Europa allargata, l'est, l'Italia :$ble politiche, l'economia, le imprese$9(OLS)http://pul/title/154484 996 $6260$aBologna :$bIl Mulino$9(OLS)http://pul/publisher/47928